Sports Quiz

Random Sports or Football Quiz

Назови клубы Моуринью Quiz Stats

 Plays Quiz not verified by Sporcle

Support Sporcle.
Go Orange.
Score 0/9 Timer 03:00
0 Plays Today
Клуб % Correct
Челси
97.4%
Челси
97.4%
Порту
97.3%
Реал
96.9%
Манчестер Юнайтед
95.4%
Интер
95%
Тоттенхэм
88.1%
Бенфика
50.1%
Лейрия
16.2%

You're not logged in!

Compare scores with friends on all Sporcle quizzes.
OR
Log In

From the Vault

World Cattle Population

by wasteoflawtime

The answer to the classic question: "Where's the beef?"
Remove Ads.
Support Sporcle.
Get the best of Sporcle when you Go Orange. This ad-free experience offers more features, more stats, and more fun while also helping to support Sporcle. Thank you for becoming a member.

Show Comments

Extras

Created Apr 20, 2021ReportNominate
Tags:Football Quiz

Top Quizzes Today


Score Distribution

Your Account Isn't Verified!

In order to create a playlist on Sporcle, you need to verify the email address you used during registration. Go to your Sporcle Settings to finish the process.

Report this User

Report this user for behavior that violates our Community Guidelines.

Details: